000 00583nam a2200193Ia 4500
005 20250508153321.0
008 008 250505s9999 xx 000 0 eng d
037 _aTextual
040 _aFEDL
_beng
_cFEDL
041 _aeng
_2eng
084 _a379.942, LON
_qFEDL
245 0 _aNational system of education
245 0 _cManchester
260 _aManchester, USA
_bManchester University Press
_c1920
300 _a77p
490 _aFederal council of lancashire and cheshire teachers' associations
942 _cTEXL
_h379.942, LON
999 _c1341971
_d1341971